Latinoamérica en el siglo XX: crecimiento, comercio, pensamiento económico
Gardado en:
| Autor Principal: | |
|---|---|
| Formato: | Libro |
| Idioma: | Lingua castelá |
| Publicado: |
Santiago
Universidad Católica de Chile
2011
|
| Edición: | 1a. ed |
| Subjects: | |
| Tags: |
Engadir etiqueta
Sen Etiquetas, Sexa o primeiro en etiquetar este rexistro!
|
MARC
| LEADER | 00000cam a2200000 a 4500 | ||
|---|---|---|---|
| 001 | UCG7897 | ||
| 003 | CL-VaPUC | ||
| 008 | 111021e20110400CL |||||||||||||||||spa|d | ||
| 020 | |a 9789561411937 | ||
| 082 | 0 | 4 | |a 330.98 |b HAC |2 21 |
| 100 | |a Hachette de la Fresnaye, Dominique |e autor |9 558386 | ||
| 245 | 1 | 0 | |a Latinoamérica en el siglo XX: crecimiento, comercio, pensamiento económico |
| 250 | |a 1a. ed | ||
| 300 | |a 282 p | ||
| 942 | |c BK | ||
| 945 | |d 20111021 00:00:00 |a dcastane | ||
| 260 | |a Santiago |b Universidad Católica de Chile |c 2011 | ||
| 650 | 0 | |a Desarrollo económico y social |9 256320 | |
| 650 | 0 | |a Modelos económicos |9 324997 | |
| 651 | 0 | |a América Latina |9 255027 | |
| 583 | |a last modification |c 20111021 10:47:00 |k Rodrigo Vera | ||
| 999 | |c 345585 |d 345583 | ||
| 952 | |0 0 |1 0 |4 0 |6 330_980000000000000_HAC_2011 |7 0 |8 A |9 444495 |a BIBENE |b BIBENE |d 2019-11-22 |i 4792467 |o 330.98 HAC 2011 |p 4792467 |r 2025-01-15 |w 2019-11-22 |y BK |k ICO | ||